Les chansons de Djadja & Dinaz - Mort subite - Statistiques

Statistiques générales
  • Ce quiz a été pris 404 fois
  • Le résultat moyen est 8 sur 12
Answers on the Grid
Answers color-coded by a green-red scale on the quiz's grid according to % correct below.
J'fais mes affaires
Croire
Elle
Lui
Possédé
Seuls
Meuf mortelle
Essayez
Capitaine
On reconnaît
Rien sans rien
Dernier appel
Plus rien à perdre
Encore un rêve
Mauvais départ
Temps perdu
Tout pour la mif
Tu sais
C63
A la cool
 
Statistiques - réponses
Réponse % Correct
J'fais mes affaires
85%
Possédé
78%
Capitaine
73%
Seuls
73%
Croire
69%
C63
67%
A la cool
64%
Elle
64%
Meuf mortelle
63%
Essayez
57%
On reconnaît
53%
Tu sais
49%
Aucun quiz correspondant
Distribution des résultats
% des personnes avec chaque résultat
Percentile par nombre de réponses
Votre historique - résultats
Vous n’avez pas pris ce quiz